000 00908nac a22002537a 4500
001 BR0601359
003 BR-BrBNA
005 20240105123259.0
008 230509b bl.|||m| |||| 00| 0 por d
040 _aBR-BrBNA
_bpor
_cBiblioteca Nacional de Agricultura
072 _aC10
090 _aC10 BR0601359
110 1 _aCentro Nacional de Pesquisa de Recursos Genéticos e Biotecnologia, Brasília, DF (Brasil)
_91797
245 1 _aTalento estudantil da EMBRAPA Recursos Genéticos e Biotecnologia 1988
260 3 _aBrasília, DF (Brasil):
_c1998.
300 _a61 p.
490 _aDocumentos - Centro Nacional de Pesquisa de Recursos Genéticos e Biotecnologia (Brazil)
_vno. 34
_xISSN 0102-0110
650 _aENSINO AGRÍCOLA
650 _aENSINO SUPERIOR
650 _aBIOTECNOLOGIA
650 _aCONTROLE BIOLÓGICO
909 _a202312
_bLúcia Elande
_c55
_dLúcia Elande
942 _2AGRIS
_n0
_cMS
999 _c294759
_d294759